[Event "11th Reykjavik op"]
[Site "Reykjavik ISL"]
[Date "1984.02.21"]
[Round "7"]
[White "Hansson, Dan"]
[Black "McCambridge, Vincent"]
[Result "0-1"]
[WhiteElo "2320"]
[BlackElo "2465"]
[EventDate "1984.02.14"]
[PlyCount "62"]

1.e4 c5 2.Nf3 d6 3.d4 cxd4 4.Nxd4 Nf6 5.Nc3 g6 6.Be2 Bg7 7.Be3 O-O 8.Nb3 
Nc6 9.f4 Be6 10.g4 Rc8 11.g5 Nd7 12.Qd2 Nb6 13.h4 d5 14.O-O-O dxe4 15.Qe1 
Qc7 16.Nc5 Nb4 17.Nb5 Bxb2+ 18.Kxb2 Na4+ 19.Ka3 Nxc2+ 20.Kxa4 Qb6 21.Qd2 
Nxe3 22.Nxe6 fxe6 23.Rc1 a6 24.Na3 Rcd8 25.Qb4 Rd4 26.Rc4 Nxc4 27.Nxc4 
Qc6+ 28.Kb3 b5 29.Ne5 Rxb4+ 30.Kxb4 a5+ 31.Kb3 Qd5+ 0-1

[Event "11th Reykjavik op"]
[Site "Reykjavik ISL"]
[Date "1984.02.21"]
[Round "7"]
[White "Hjartarson, Johann"]
[Black "De Firmian, Nick"]
[Result "1-0"]
[WhiteElo "2415"]
[BlackElo "2515"]
[EventDate "1984.02.14"]
[PlyCount "90"]

1.d4 Nf6 2.c4 e6 3.Nf3 c5 4.d5 exd5 5.cxd5 d6 6.Nc3 g6 7.Bf4 a6 8.a4 Bg7 
9.e4 Bg4 10.Be2 O-O 11.O-O Bxf3 12.Bxf3 Qe7 13.e5 dxe5 14.d6 Qe6 15.Re1 
Nbd7 16.Bxb7 Rab8 17.Bxa6 Rxb2 18.Bb5 Rd8 19.Rc1 Qf5 20.Be3 e4 21.Bxd7 
Rxd7 22.h3 c4 23.Re2 Rb3 24.Nb5 Rd3 25.Qc2 c3 26.Nxc3 R7xd6 27.Nb5 Rd8 28.
Bb6 Rf8 29.Qc5 Rd5 30.Qc6 Bh6 31.Nd4 Qe5 32.Rc4 e3 33.Bc7 exf2+ 34.Kxf2 
Qg5 35.Nf3 Qf5 36.g4 Qd3 37.a5 Rc8 38.a6 Rd7 39.a7 Bf8 40.Qxf6 Qxc4 41.Be5
Bc5+ 42.Kg3 Kf8 43.Qh8+ Ke7 44.Bf6+ Kd6 45.Be5+ Ke7 1-0

[Event "11th Reykjavik op"]
[Site "Reykjavik ISL"]
[Date "1984.02.21"]
[Round "7"]
[White "Hoei, Carsten"]
[Black "Chandler, Murray Graham"]
[Result "0-1"]
[WhiteElo "2400"]
[BlackElo "2515"]
[EventDate "1984.02.14"]
[PlyCount "72"]

1.g3 d5 2.Bg2 Nf6 3.Nf3 c5 4.O-O Nc6 5.d3 g6 6.Nc3 d4 7.Na4 Qd6 8.c4 Bg7 
9.a3 O-O 10.b4 cxb4 11.axb4 Nxb4 12.c5 Qd8 13.Nb6 axb6 14.Rxa8 bxc5 15.Ng5
Nfd5 16.Bd2 h6 17.Bxb4 cxb4 18.Nxf7 Qd7 19.Qb3 e6 20.Bxd5 exd5 21.Rc1 Qxf7
22.Raxc8 Qxf2+ 23.Kh1 Rxc8 24.Rxc8+ Kh7 25.Qd1 h5 26.Rc7 b6 27.Rc6 b5 28.
Rb6 b3 29.Rb7 b4 30.Rb6 h4 31.Qg1 Qxe2 32.gxh4 Qf3+ 33.Qg2 Qd1+ 34.Qg1 
Qxd3 35.Rxb4 Qe4+ 36.Qg2 Qe1+ 0-1

[Event "11th Reykjavik op"]
[Site "Reykjavik ISL"]
[Date "1984.02.21"]
[Round "7"]
[White "Johannesson, Larus"]
[Black "Josteinsson, Leifur"]
[Result "1-0"]
[WhiteElo "2300"]
[BlackElo "2275"]
[EventDate "1984.02.14"]
[PlyCount "77"]

1.e4 c6 2.d4 d5 3.Nd2 dxe4 4.Nxe4 Nf6 5.Nxf6+ gxf6 6.c3 Bf5 7.Nf3 Nd7 8.g3
Bg4 9.Bg2 Bg7 10.O-O e6 11.Qb3 Qb6 12.Qa3 Bf8 13.Qa4 h5 14.Be3 Qc7 15.c4 
Nb6 16.Qb3 Bh6 17.Bxh6 Rxh6 18.d5 e5 19.dxc6 bxc6 20.Qe3 Rh8 21.Nd4 Bd7 
22.Rac1 Kf8 23.Nxc6 Rc8 24.Na5 h4 25.b4 Be6 26.Rfd1 hxg3 27.fxg3 f5 28.Bb7
f4 29.gxf4 Rg8+ 30.Kf2 Qe7 31.Bxc8 Qh4+ 32.Kf1 Nxc8 33.Rd2 Bh3+ 34.Ke2 
Rg2+ 35.Kd3 Rg6 36.Kc3 exf4 37.Qc5+ Kg7 38.Qd4+ Kh7 39.Rf2 1-0

[Event "11th Reykjavik op"]
[Site "Reykjavik ISL"]
[Date "1984.02.21"]
[Round "7"]
[White "Jonasson, Benedikt"]
[Black "Karlsson, Agust Sindri"]
[Result "1/2-1/2"]
[WhiteElo "2210"]
[BlackElo "2285"]
[EventDate "1984.02.14"]
[PlyCount "34"]

1.Nf3 Nf6 2.d4 e6 3.c4 b6 4.g3 Ba6 5.b3 Bb4+ 6.Bd2 Be7 7.Bg2 c6 8.Bc3 d5 
9.Nbd2 Nbd7 10.O-O Rc8 11.Re1 c5 12.cxd5 Nxd5 13.Bb2 cxd4 14.Nxd4 O-O 15.
Rc1 Nc5 16.Ne4 Qd7 17.Nxc5 Bxc5 1/2-1/2

[Event "11th Reykjavik op"]
[Site "Reykjavik ISL"]
[Date "1984.02.21"]
[Round "7"]
[White "Jonsson, Bjorgvin"]
[Black "Arnason, Asgeir Thor"]
[Result "0-1"]
[WhiteElo "2255"]
[BlackElo "2260"]
[EventDate "1984.02.14"]
[PlyCount "78"]

1.d4 Nf6 2.c4 e6 3.Nf3 d5 4.Nc3 Be7 5.Bg5 O-O 6.e3 a6 7.cxd5 exd5 8.Qc2 c6
9.Bd3 Nbd7 10.O-O-O Re8 11.g4 Nf8 12.h3 Be6 13.Kb1 Qa5 14.Ne5 Ne4 15.Bxe7 
Rxe7 16.Nxe4 dxe4 17.Bc4 Bd5 18.g5 Nd7 19.Nxd7 Rxd7 20.Bxd5 Qxd5 21.Rhg1 
Rf8 22.Rg4 Re7 23.Rdg1 Rc8 24.Rc1 b6 25.Qc4 Ree8 26.Qxa6 b5 27.Rc5 Qd6 28.
Re5 Rf8 29.Qb6 Qb4 30.Qc5 Qe1+ 31.Qc1 Qxf2 32.Rgxe4 f6 33.gxf6 Rxf6 34.a3 
Qe2 35.Qc5 Rff8 36.Ka2 b4 37.Qxb4 Rb8 38.Qc3 Rxb2+ 39.Qxb2 Qc4+ 0-1

[Event "11th Reykjavik op"]
[Site "Reykjavik ISL"]
[Date "1984.02.21"]
[Round "7"]
[White "Karlsson, Hilmar"]
[Black "Taylor, Gordon"]
[Result "1/2-1/2"]
[WhiteElo "2220"]
[BlackElo "2325"]
[EventDate "1984.02.14"]
[PlyCount "84"]

1.e4 c5 2.Nf3 e6 3.c3 d5 4.exd5 Qxd5 5.Na3 Nf6 6.d4 Nc6 7.Be2 Qd8 8.Nc2 
cxd4 9.Ncxd4 Bd7 10.Bf4 a6 11.O-O Be7 12.Ne5 Nxe5 13.Bxe5 O-O 14.Bf3 Ra7 
15.Re1 Qc8 16.a4 Ne8 17.Nf5 exf5 18.Bd4 Bxa4 19.Qxa4 b5 20.Qa5 Bc5 21.Rad1
Bxd4 22.Rxd4 Nf6 23.Rd6 h6 24.h3 Ne4 25.Bxe4 fxe4 26.Rxe4 Qf5 27.Re1 Qc2 
28.Rd8 Rxd8 29.Qxd8+ Kh7 30.Qd4 Rc7 31.Re8 Qb1+ 32.Kh2 Qf5 33.Qe3 Rd7 34.
Re4 Rd1 35.Rd4 Rb1 36.Rf4 Qg6 37.b4 Rb2 38.Rf3 Rc2 39.Rg3 Qf5 40.Rf3 Qg6 
41.Rg3 Qf5 42.Rf3 Qg6 1/2-1/2

[Event "11th Reykjavik op"]
[Site "Reykjavik ISL"]
[Date "1984.02.21"]
[Round "7"]
[White "King, Daniel John"]
[Black "Arnason, Jon"]
[Result "0-1"]
[WhiteElo "2435"]
[BlackElo "2500"]
[EventDate "1984.02.14"]
[PlyCount "112"]

1.Nf3 c5 2.c4 Nc6 3.d4 cxd4 4.Nxd4 e6 5.g3 Bb4+ 6.Nc3 Qa5 7.Nxc6 bxc6 8.
Bd2 Qc7 9.Bg2 Rb8 10.O-O Nf6 11.Nb5 Qa5 12.Bxb4 Qxb4 13.a3 Qc5 14.b4 Qe5 
15.Nd6+ Ke7 16.c5 Ba6 17.Qa4 Bxe2 18.Rfe1 Qh5 19.Qxa7 Bf3 20.Qa6 Bxg2 21.
Kxg2 Nd5 22.Qc4 Rhg8 23.Rab1 g5 24.Rb3 g4 25.Qe4 Rg5 26.f4 gxf3+ 27.Rxf3 
f6 28.Qd3 Rbg8 29.b5 cxb5 30.Nxb5 Rc8 31.Rc1 Qg6 32.Qd4 Rg4 33.Qf2 Rb8 34.
Nc3 Qg5 35.Nxd5+ Qxd5 36.c6 Rd4 37.c7 Rc8 38.Rc2 Rxc7 39.Rxc7 Rd2 40.Rc2 
Rxf2+ 41.Rxf2 f5 42.Kh3 Qd1 43.Rf4 d5 44.Rh4 h5 45.Rb4 d4 46.Rb7+ Kf6 47.
Rd7 h4 48.Kg2 d3 49.Rf4 Qe2+ 50.Kh3 e5 51.Rb4 Ke6 52.Rd8 e4 53.Rb6+ Ke7 
54.Rg8 hxg3 55.hxg3 Qh5+ 56.Kg2 Qf3+ 0-1

[Event "11th Reykjavik op"]
[Site "Reykjavik ISL"]
[Date "1984.02.21"]
[Round "7"]
[White "Knezevic, Milorad"]
[Black "Balashov, Yury"]
[Result "0-1"]
[WhiteElo "2450"]
[BlackElo "2535"]
[EventDate "1984.02.14"]
[PlyCount "100"]

1.d4 Nf6 2.c4 e6 3.Nf3 b6 4.e3 Bb7 5.Bd3 d5 6.b3 Bd6 7.O-O O-O 8.Bb2 c5 9.
Nc3 Nc6 10.cxd5 exd5 11.Rc1 cxd4 12.Nxd4 Nxd4 13.exd4 Ne4 14.Nb5 Bf4 15.
Rc2 a6 16.Nc3 f5 17.g3 Bd6 18.f3 Ng5 19.Ne2 Qf6 20.Bc1 Rae8 21.Kg2 Ne6 22.
Be3 f4 23.Nxf4 Nxf4+ 24.Bxf4 Bxf4 25.gxf4 Qxf4 26.Re2 Rxe2+ 27.Qxe2 Qxd4 
28.Qe6+ Kh8 29.Qe7 Qf4 30.Qxb7 Qd2+ 31.Rf2 Qxd3 32.Qxb6 h6 33.Qc6 Rf6 34.
Qc8+ Kh7 35.Qc2 Rg6+ 36.Kh1 Qd4 37.Rf1 Qf4 38.Qd3 Qg5 39.Qc2 d4 40.Qf2 d3 
41.Rd1 Rd6 42.Qe1 Rd4 43.Qg3 Qc5 44.Rg1 Qe7 45.Qg6+ Kh8 46.Qxa6 d2 47.Rd1 
Qe1+ 48.Kg2 Rd8 49.Qa5 Qe2+ 50.Kg3 Rf8 0-1

[Event "11th Reykjavik op"]
[Site "Reykjavik ISL"]
[Date "1984.02.21"]
[Round "7"]
[White "Lobron, Eric"]
[Black "Schuessler, Harry"]
[Result "1-0"]
[WhiteElo "2520"]
[BlackElo "2445"]
[EventDate "1984.02.14"]
[PlyCount "133"]

1.e4 e5 2.Nf3 Nf6 3.Nxe5 d6 4.Nf3 Nxe4 5.d4 d5 6.Bd3 Nc6 7.O-O Be7 8.Re1 
Bg4 9.c4 Nf6 10.cxd5 Nxd5 11.Nc3 O-O 12.h3 Be6 13.Ne4 Bf5 14.a3 Bf6 15.Qb3
Rb8 16.Nxf6+ Qxf6 17.Bg5 Qg6 18.Qxd5 Bxd3 19.Nh4 Qd6 20.Qxd6 cxd6 21.d5 f6
22.Be3 Ne5 23.Bxa7 Ra8 24.Bd4 Ra5 25.Bc3 Rxd5 26.Rad1 g6 27.f4 Nc6 28.Re6 
f5 29.Nf3 Be4 30.Rxd5 Bxd5 31.Rxd6 Rd8 32.Rxd8+ Nxd8 33.Kf2 Ne6 34.Ke3 Kf7
35.g3 Ke7 36.Bb4+ Kd7 37.Ne5+ Kc7 38.g4 Bg2 39.h4 fxg4 40.Nxg4 Ng7 41.Nf6 
h5 42.Be1 Nf5+ 43.Kd3 Kd6 44.Ne4+ Kd5 45.Nc3+ Kc6 46.Bf2 Nd6 47.a4 b5 48.
Kd4 bxa4 49.Nxa4 Kb5 50.Nc3+ Kb4 51.Ne2 Ne4 52.Be1+ Kb3 53.Nc1+ Kxb2 54.
Nd3+ Kc2 55.Bb4 Kd1 56.Ne5 Ke2 57.Nxg6 Ng3 58.Ke5 Be4 59.Ne7 Bc2 60.f5 Bb3
61.Kf4 Nf1 62.Nc6 Kd3 63.Ne5+ Kd4 64.f6 Ne3 65.Nf3+ Kd3 66.Ne5+ Kd4 67.
Bc3+ 1-0

[Event "11th Reykjavik op"]
[Site "Reykjavik ISL"]
[Date "1984.02.21"]
[Round "7"]
[White "Olafsson, Helgi"]
[Black "Wedberg, Tom"]
[Result "1/2-1/2"]
[WhiteElo "2445"]
[BlackElo "2495"]
[EventDate "1984.02.14"]
[PlyCount "52"]

1.d4 Nf6 2.c4 e6 3.Nf3 c5 4.d5 exd5 5.cxd5 d6 6.Nc3 g6 7.Bf4 a6 8.a4 Bg7 
9.e4 Bg4 10.Be2 O-O 11.O-O Bxf3 12.Bxf3 Ne8 13.Be2 Nd7 14.a5 Qe7 15.Ra4 
Nc7 16.Re1 Rfe8 17.Bf1 Rab8 18.Qd2 b5 19.axb6 Rxb6 20.Rea1 Reb8 21.R1a2 
Rb3 22.h3 Nb6 23.R4a3 Rb4 24.Bxa6 c4 25.Be3 h5 26.Qe2 Bxc3 1/2-1/2

[Event "11th Reykjavik op"]
[Site "Reykjavik ISL"]
[Date "1984.02.21"]
[Round "7"]
[White "Petursson, Margeir"]
[Black "Ornstein, Axel"]
[Result "1/2-1/2"]
[WhiteElo "2465"]
[BlackElo "2405"]
[EventDate "1984.02.14"]
[PlyCount "93"]

1.d4 Nf6 2.c4 e6 3.Nf3 b6 4.g3 Ba6 5.Nbd2 c5 6.Bg2 Bb7 7.e4 cxd4 8.e5 Ng4 
9.O-O Qc7 10.Re1 h5 11.h3 Nh6 12.Nxd4 Bxg2 13.Kxg2 Nc6 14.Nb5 Qb7 15.Ne4 
Nf5 16.Qf3 a6 17.Nbd6+ Bxd6 18.Nxd6+ Nxd6 19.exd6 Na5 20.b3 Qxf3+ 21.Kxf3 
Rc8 22.Be3 Rc6 23.Red1 f6 24.Rd4 Kf7 25.Rad1 Nb7 26.Kg2 e5 27.Rd5 Ke6 28.
f4 Nxd6 29.g4 hxg4 30.hxg4 g6 31.Bxb6 Nxc4 32.Bf2 Nb6 33.Bxb6 Rxb6 34.fxe5
fxe5 35.Rxd7 Rc8 36.R1d2 Rc3 37.R7d5 Rbc6 38.Ra5 Kf6 39.Re2 Re6 40.Re4 Kg5
41.Raxe5+ Rxe5 42.Rxe5+ Kxg4 43.Re4+ Kf5 44.Ra4 Rc6 45.Kf3 Rc3+ 46.Ke2 Rc6
47.Kf3 1/2-1/2

[Event "11th Reykjavik op"]
[Site "Reykjavik ISL"]
[Date "1984.02.21"]
[Round "7"]
[White "Petursson, Palmi"]
[Black "Nykopp, Jan-Michael"]
[Result "1/2-1/2"]
[WhiteElo "2370"]
[BlackElo "2300"]
[EventDate "1984.02.14"]
[PlyCount "126"]

1.e4 c5 2.Nf3 d6 3.d4 cxd4 4.Nxd4 Nf6 5.Nc3 Nc6 6.Bc4 e6 7.Be3 Be7 8.Qe2 
a6 9.O-O-O Qc7 10.Bb3 Na5 11.g4 b5 12.g5 Nxb3+ 13.axb3 Nd7 14.h4 Bb7 15.f3
b4 16.Na4 g6 17.h5 Rf8 18.Qd2 d5 19.e5 O-O-O 20.hxg6 hxg6 21.Rh7 Rde8 22.
f4 Nc5 23.Nxc5 Bxc5 24.Kb1 Qb6 25.Re1 Kb8 26.Qf2 Rc8 27.Reh1 Ka8 28.Rg7 
Rh8 29.Rhh7 Rxh7 30.Rxh7 Rf8 31.Qg1 a5 32.Nf5 Bxe3 33.Qxe3 Qxe3 34.Nxe3 
Bc6 35.Ng4 Kb7 36.Nf6 Kb6 37.c3 Kc5 38.Kc2 d4 39.c4 a4 40.bxa4 b3+ 41.Kd3 
Ra8 42.Rxf7 Rxa4 43.Nd7+ Bxd7 44.Rxd7 Ra1 45.Rc7+ Kb4 46.Rc8 Rd1+ 47.Ke4 
Rd2 48.Rb8+ Kc5 49.Rxb3 Kxc4 50.Rb6 Re2+ 51.Kf3 Re3+ 52.Kf2 Kd5 53.Rd6+ 
Ke4 54.Rxe6 Rf3+ 55.Ke2 Rxf4 56.Rxg6 Kxe5 57.Rb6 Rg4 58.Rb8 Ke4 59.Re8+ 
Kd5 60.Kd3 Rg3+ 61.Kd2 Rg2+ 62.Kd3 Rg3+ 63.Kd2 Rg2+ 1/2-1/2

[Event "11th Reykjavik op"]
[Site "Reykjavik ISL"]
[Date "1984.02.21"]
[Round "7"]
[White "Solmundarson, Magnus"]
[Black "Meyer, Holger"]
[Result "1/2-1/2"]
[WhiteElo "2265"]
[BlackElo "2305"]
[EventDate "1984.02.14"]
[PlyCount "103"]

1.c4 c5 2.Nf3 Nf6 3.Nc3 d5 4.cxd5 Nxd5 5.Nxd5 Qxd5 6.g3 e5 7.d3 Nc6 8.Bg2 
Bg4 9.h3 Be6 10.O-O Qd7 11.Kh2 Be7 12.Be3 O-O 13.Rc1 b6 14.Qa4 Rac8 15.a3 
Rfd8 16.b4 cxb4 17.axb4 f6 18.b5 Nb4 19.Bd2 a5 20.Bxb4 Bxb4 21.Rc6 Rxc6 
22.bxc6 Qc7 23.Ne1 Qf7 24.Qb5 Bc5 25.Nc2 a4 26.Nb4 a3 27.Na6 Qe7 28.e3 a2 
29.Rd1 Rf8 30.Qb2 Ra8 31.Qb5 Qd6 32.c7 Rf8 33.Rc1 Ba3 34.Ra1 Kf7 35.Bb7 
Ke7 36.Nb8 Qxc7 37.Nc6+ Kf7 38.Ba6 Kg8 39.Qa4 Bb2 40.Rxa2 Bxa2 41.Qxa2+ 
Kh8 42.Bb5 Bc3 43.Qc4 Be1 44.Kg2 Qd6 45.Qa4 Qd5+ 46.Kg1 g6 47.d4 exd4 48.
Nxd4 Bc3 49.Nc6 Qc5 50.h4 Rc8 51.Kg2 Qf5 52.Ne7 1/2-1/2

[Event "11th Reykjavik op"]
[Site "Reykjavik ISL"]
[Date "1984.02.21"]
[Round "7"]
[White "Thorhallsson, Throestur"]
[Black "Benedictsson, Benony"]
[Result "0-1"]
[WhiteElo "2315"]
[BlackElo "2355"]
[EventDate "1984.02.14"]
[PlyCount "81"]

1.e4 e5 2.Nf3 Nc6 3.Bc4 Qf6 4.Nc3 Nge7 5.d3 Nd4 6.Ng5 Ne6 7.f4 exf4 8.Nf3 
d6 9.d4 c6 10.O-O g5 11.e5 Qg7 12.d5 Nxd5 13.Nxd5 cxd5 14.Bb5+ Kd8 15.Bd2 
Nc7 16.Ba5 Be6 17.c4 b6 18.Bc3 Nxb5 19.cxb5 dxe5 20.Nxe5 Bc5+ 21.Kh1 f6 
22.Nc6+ Ke8 23.Qh5+ Kd7 24.Rae1 Rhe8 25.b4 Bd6 26.Qd1 Qf7 27.Qa1 Rf8 28.
Qb1 g4 29.Nd4 Be5 30.Rxf4 Qh5 31.Nxe6 Kxe6 32.Qd1 Kd6 33.Bxe5+ fxe5 34.
Rxf8 Rxf8 35.Qc2 Qe8 36.Qxh7 Qf7 37.Qh6+ Qf6 38.Qc1 Qf7 39.Qd1 Kd7 40.Qe2 
Qe6 41.Rc1 0-1

[Event "11th Reykjavik op"]
[Site "Reykjavik ISL"]
[Date "1984.02.21"]
[Round "7"]
[White "Wesseln, Kai"]
[Black "Kristjansson, Bragi"]
[Result "1/2-1/2"]
[WhiteElo "2350"]
[BlackElo "2295"]
[EventDate "1984.02.14"]
[PlyCount "61"]

1.d4 f5 2.Nf3 g6 3.g3 Bg7 4.Bg2 Nf6 5.O-O O-O 6.c4 d6 7.Nc3 Nc6 8.d5 Na5 
9.Qd3 c5 10.Rb1 a6 11.b3 Rb8 12.Bb2 Bd7 13.h3 b5 14.Nd2 Qe8 15.Ba1 g5 16.
e4 g4 17.exf5 Qh5 18.h4 Bxf5 19.Nce4 b4 20.Nxf6+ exf6 21.Be4 Bd7 22.f4 Nb7
23.Qc2 Nd8 24.Rbe1 Nf7 25.Bd3 Rbe8 26.Ne4 Qh6 27.Bb2 f5 28.Ng5 Bxb2 29.
Qxb2 Qg7 30.Qxg7+ Kxg7 31.Nxf7 1/2-1/2

[Event "11th Reykjavik op"]
[Site "Reykjavik ISL"]
[Date "1984.02.21"]
[Round "7"]
[White "Zaltsman, Vitaly"]
[Black "Schneider, Lars-Aake"]
[Result "1/2-1/2"]
[WhiteElo "2390"]
[BlackElo "2440"]
[EventDate "1984.02.14"]
[PlyCount "51"]

1.d4 Nf6 2.c4 e6 3.Nf3 b6 4.g3 Bb7 5.Bg2 Be7 6.Nc3 d5 7.Ne5 O-O 8.O-O Na6 
9.cxd5 exd5 10.Bf4 c5 11.Rc1 Re8 12.Qa4 cxd4 13.Qxd4 Bc5 14.Qa4 g5 15.Nxf7
Kxf7 16.Bxg5 Be7 17.Rfd1 Rc8 18.Bxf6 Bxf6 19.Bxd5+ Bxd5 20.Qxa6 Bxc3 21.
bxc3 Rc5 22.Qd3 Qg5 23.Qxh7+ Kf8 24.Qxa7 Rxe2 25.Qxb6 Bc6 26.Qb8+ 1/2-1/2

[Event "11th Reykjavik op"]
[Site "Reykjavik ISL"]
[Date "1984.02.23"]
[Round "8"]
[White "Angantysson, Haukur"]
[Black "Solmundarson, Magnus"]
[Result "1/2-1/2"]
[WhiteElo "2395"]
[BlackElo "2265"]
[EventDate "1984.02.14"]
[PlyCount "130"]

1.e4 c6 2.d3 d5 3.Nd2 g6 4.Ngf3 Bg7 5.c3 e5 6.Be2 Ne7 7.O-O O-O 8.Re1 Qc7 
9.Bf1 Nd7 10.a4 a5 11.b4 d4 12.cxd4 axb4 13.Bb2 exd4 14.Bxd4 Bxd4 15.Nxd4 
Nc5 16.Qc2 Qd6 17.N4f3 Ne6 18.Qb2 c5 19.e5 Qd8 20.Ne4 Nd5 21.d4 cxd4 22.
Nxd4 Qb6 23.Nb5 Bd7 24.Qd2 Bxb5 25.Bxb5 Qd4 26.Rad1 Qxd2 27.Rxd2 Nc3 28.
Rb2 Nxa4 29.Rxb4 Nac5 30.Bf1 Nxe4 31.Rbxe4 Rfd8 32.Rb4 Rd7 33.g3 Rd2 34.
Bg2 Nc5 35.Rb5 Nd3 36.Rf1 Raa2 37.Bd5 Rab2 38.Rxb2 Rxb2 39.f4 b5 40.e6 
fxe6 41.Bxe6+ Kg7 42.Rd1 Nc5 43.Bd5 b4 44.Rc1 Nd3 45.Rc7+ Kh8 46.Rc8+ Kg7 
47.Rc7+ Kh8 48.Rc8+ Kg7 49.Rg8+ Kf6 50.Rf8+ Kg7 51.Rf7+ Kh8 52.h4 Nc1 53.
Bg2 b3 54.h5 gxh5 55.Kh2 Re2 56.Kh3 b2 57.Rb7 Nd3 58.Bf1 Nf2+ 59.Kh4 Re1 
60.Rxb2 Rxf1 61.Kxh5 Rh1+ 62.Kg5 Ne4+ 63.Kg4 h5+ 64.Kf5 Nd6+ 65.Kg6 Re1 
1/2-1/2

[Event "11th Reykjavik op"]
[Site "Reykjavik ISL"]
[Date "1984.02.23"]
[Round "8"]
[White "Arnason, Asgeir Thor"]
[Black "Hansson, Dan"]
[Result "1/2-1/2"]
[WhiteElo "2260"]
[BlackElo "2320"]
[EventDate "1984.02.14"]
[PlyCount "79"]

1.e4 c5 2.Nf3 d6 3.d4 cxd4 4.Nxd4 Nf6 5.Nc3 a6 6.Be2 e5 7.Nb3 Be7 8.O-O 
Be6 9.f4 Qc7 10.Qd3 exf4 11.Bxf4 Nc6 12.Rad1 Rd8 13.Nd4 Nxd4 14.Qxd4 O-O 
15.Kh1 Rfe8 16.Qd3 Qc6 17.Bg5 Ng4 18.Bxg4 Bxg5 19.Qg3 Bc4 20.Rf2 Re5 21.h4
Be7 22.Rfd2 g6 23.h5 Be6 24.hxg6 hxg6 25.Bxe6 Rxe6 26.Nd5 Kg7 27.Qe3 Rh8+ 
28.Kg1 Qc5 29.Qxc5 dxc5 30.Nxe7 Rxe7 31.Rd7 Rhe8 32.R1d5 c4 33.Rd4 Rxe4 
34.Rxe4 Rxe4 35.Rxb7 c3 36.bxc3 Re2 37.Rb2 Re3 38.Kf2 Rxc3 39.Ke2 Rg3 40.
Kf1 1/2-1/2

[Event "11th Reykjavik op"]
[Site "Reykjavik ISL"]
[Date "1984.02.23"]
[Round "8"]
[White "Arnason, Jon"]
[Black "Olafsson, Helgi"]
[Result "1/2-1/2"]
[WhiteElo "2500"]
[BlackElo "2445"]
[EventDate "1984.02.14"]
[PlyCount "34"]

1.e4 c5 2.Nf3 d6 3.d4 cxd4 4.Nxd4 Nf6 5.Nc3 a6 6.f4 e5 7.Nf3 Nbd7 8.a4 Be7
9.Bd3 O-O 10.O-O Qc7 11.Kh1 exf4 12.Bxf4 Ne5 13.Nd4 Be6 14.Qe1 Rfe8 15.Rd1
Rac8 16.Bc1 Nfd7 17.Qg3 Bf8 1/2-1/2

[Event "11th Reykjavik op"]
[Site "Reykjavik ISL"]
[Date "1984.02.23"]
[Round "8"]
[White "Balashov, Yury"]
[Black "Zaltsman, Vitaly"]
[Result "1/2-1/2"]
[WhiteElo "2535"]
[BlackElo "2390"]
[EventDate "1984.02.14"]
[PlyCount "29"]

1.d4 d5 2.c4 dxc4 3.Nf3 Nf6 4.e3 e6 5.Bxc4 c5 6.O-O a6 7.Qc2 b5 8.Bb3 Bb7 
9.Rd1 Be7 10.Nc3 O-O 11.e4 cxd4 12.Nxd4 Qc7 13.e5 Nfd7 14.Bf4 Nc5 15.Rac1 
1/2-1/2

[Event "11th Reykjavik op"]
[Site "Reykjavik ISL"]
[Date "1984.02.23"]
[Round "8"]
[White "Benedictsson, Benony"]
[Black "Jonasson, Benedikt"]
[Result "0-1"]
[WhiteElo "2355"]
[BlackElo "2210"]
[EventDate "1984.02.14"]
[PlyCount "87"]

1.d4 Nf6 2.c4 e6 3.a3 c5 4.dxc5 Bxc5 5.b4 Be7 6.Nc3 a5 7.b5 d6 8.e4 Nbd7 
9.Nf3 O-O 10.Bd3 Qc7 11.O-O b6 12.Re1 Bb7 13.Bf4 Rad8 14.Qe2 Ne5 15.h3 
Nfd7 16.Nxe5 dxe5 17.Bg3 Nc5 18.Bc2 Bf6 19.Kh2 Qe7 20.Na4 Nxa4 21.Bxa4 Rd4
22.f3 Rc8 23.Bb3 Rc5 24.Bf2 Qd6 25.Red1 h5 26.Kh1 Rc8 27.Bxd4 exd4 28.Bc2 
Qg3 29.Qd3 Be5 30.f4 Qxf4 31.g3 Qxg3 32.Qxg3 Bxg3 33.Bd3 f5 34.Kg2 h4 35.
Kf3 fxe4+ 36.Bxe4 Rf8+ 37.Ke2 Bxe4 38.Rxd4 Bf3+ 39.Ke3 Be5 40.Rad1 Bxd1 
41.Rxd1 Bg3 42.Rd7 Bf2+ 43.Ke4 Bc5 44.Ke5 0-1

[Event "11th Reykjavik op"]
[Site "Reykjavik ISL"]
[Date "1984.02.23"]
[Round "8"]
[White "Bergmann, Throstur"]
[Black "Jonsson, Bjorgvin"]
[Result "1/2-1/2"]
[WhiteElo "2240"]
[BlackElo "2255"]
[EventDate "1984.02.14"]
[PlyCount "105"]

1.Nf3 Nf6 2.c4 g6 3.Nc3 Bg7 4.e4 d6 5.d4 O-O 6.Be2 e5 7.O-O Nc6 8.Be3 Ng4 
9.Bg5 f6 10.Bh4 Kh8 11.Rc1 Qe8 12.d5 Ne7 13.Nd2 Qd7 14.Bxg4 Qxg4 15.Qxg4 
Bxg4 16.b4 a5 17.a3 axb4 18.axb4 Bh6 19.Rc2 Ra3 20.Nb5 Ra4 21.Rb1 Be2 22.
Rcb2 Bd3 23.Rc1 Rxb4 24.Rxb4 Bxd2 25.Rb3 Bxc1 26.Rxd3 g5 27.Bg3 Rc8 28.f3 
Ng6 29.Rc3 Bd2 30.Rb3 b6 31.Kf1 Nf4 32.Bf2 Kg7 33.Ra3 Ba5 34.g3 Ng6 35.Be1
Bxe1 36.Kxe1 Kf7 37.Ra7 Ne7 38.Rxc7 Rxc7 39.Nxc7 Nc8 40.g4 Na7 41.Kd2 Ke7 
42.Kc3 Kd7 43.Ne6 b5 44.cxb5 Nxb5+ 45.Kb4 Na7 46.Nf8+ Ke7 47.Nxh7 Kf7 48.
Ka5 Nc8 49.Ka6 Ne7 50.Kb6 Ng8 51.Kc7 Ke7 52.h3 Nh6 53.Kc6 1/2-1/2

[Event "11th Reykjavik op"]
[Site "Reykjavik ISL"]
[Date "1984.02.23"]
[Round "8"]
[White "Bjornsson, Tomas"]
[Black "Thorhallsson, Throestur"]
[Result "0-1"]
[WhiteElo "2220"]
[BlackElo "2315"]
[EventDate "1984.02.14"]
[PlyCount "72"]

1.e4 e5 2.Nf3 Nc6 3.Bc4 Nf6 4.d3 Bc5 5.O-O h6 6.Bb3 d6 7.c3 Bg4 8.Re1 Qd7 
9.Nbd2 Ne7 10.Qe2 Ng6 11.Qf1 O-O-O 12.d4 exd4 13.cxd4 Bb4 14.Bd1 Rhe8 15.
h3 Bxf3 16.Bxf3 Nh4 17.a3 Nxf3+ 18.gxf3 Bxd2 19.Bxd2 d5 20.e5 Nh5 21.Qg2 
Re6 22.Kh2 Rg6 23.Qh1 Qf5 24.Rg1 Nf4 25.Rg4 Nxh3 26.Rxg6 fxg6 27.Qg2 Nf4 
28.Qg4 Qxg4 29.fxg4 Nd3 30.f4 Nxb2 31.f5 Nc4 32.Bb4 Kd7 33.f6 gxf6 34.exf6
Nd6 35.Re1 Re8 36.Re5 Rxe5 0-1

[Event "11th Reykjavik op"]
[Site "Reykjavik ISL"]
[Date "1984.02.23"]
[Round "8"]
[White "Byrne, Robert"]
[Black "King, Daniel John"]
[Result "1/2-1/2"]
[WhiteElo "2520"]
[BlackElo "2435"]
[EventDate "1984.02.14"]
[PlyCount "42"]

1.e4 c5 2.Nf3 d6 3.d4 cxd4 4.Nxd4 Nf6 5.Nc3 a6 6.Be2 e5 7.Nb3 Be7 8.O-O 
O-O 9.a4 Nc6 10.Bg5 Be6 11.Bxf6 Bxf6 12.Nd5 Bg5 13.a5 Ne7 14.Nb6 Rb8 15.c4
Nc6 16.Qe1 Qe8 17.Rd1 Rd8 18.Qc3 Kh8 19.Nd5 Rd7 20.Nb6 Rd8 21.Nd5 Rd7 
1/2-1/2

[Event "11th Reykjavik op"]
[Site "Reykjavik ISL"]
[Date "1984.02.23"]
[Round "8"]
[White "Gutman, Lev"]
[Black "Lobron, Eric"]
[Result "0-1"]
[WhiteElo "2480"]
[BlackElo "2520"]
[EventDate "1984.02.14"]
[PlyCount "82"]

1.Nf3 g6 2.g3 Bg7 3.d4 Nf6 4.Bg2 O-O 5.O-O d6 6.c4 Nbd7 7.Nc3 e5 8.e4 c6 
9.h3 Qb6 10.Re1 exd4 11.Nxd4 Ne8 12.Nf3 Ne5 13.Nxe5 dxe5 14.Be3 Qxb2 15.
Na4 Qb4 16.Bc5 Qxc4 17.Bf1 Qe6 18.Rc1 Nc7 19.Bxf8 Bxf8 20.Nc5 Qe8 21.Nb3 
h5 22.h4 a5 23.Qc2 a4 24.Nc5 Ra5 25.Nxa4 Ne6 26.Qd1 Nd4 27.Bg2 Bg4 28.f3 
Be6 29.Nc3 Ra3 30.Ne2 Nxf3+ 31.Bxf3 Rxf3 32.Rc3 Rf6 33.a3 Qa8 34.Kg2 Bg4 
35.Qd2 Qa5 36.Ng1 Rd6 37.Qb2 Bh6 38.Nf3 Bxf3+ 39.Kxf3 Bd2 40.Ree3 Qa6 41.
Kg2 Rd4 0-1

[Event "11th Reykjavik op"]
[Site "Reykjavik ISL"]
[Date "1984.02.23"]
[Round "8"]
[White "Halldorsson, Bragi"]
[Black "Karlsson, Agust Sindri"]
[Result "1-0"]
[WhiteElo "2250"]
[BlackElo "2285"]
[EventDate "1984.02.14"]
[PlyCount "77"]

1.d4 f5 2.g3 Nf6 3.Bg2 g6 4.Nf3 Bg7 5.O-O O-O 6.c4 d6 7.Nc3 c6 8.d5 Bd7 9.
Bg5 Na6 10.Nd4 Rc8 11.e4 h6 12.Bc1 cxd5 13.exf5 Rxc4 14.Nxd5 Kh8 15.Nf4 
gxf5 16.Ng6+ Kh7 17.Nxf8+ Qxf8 18.Qd3 Qc8 19.Bxb7 Qxb7 20.Qxc4 e5 21.Qb3 
Qe4 22.Ne6 Bc6 23.f3 Qe2 24.Qd1 Bxf3 25.Qxe2 Bxe2 26.Nxg7 Bxf1 27.Nxf5 Bd3
28.Nxd6 Nb4 29.Be3 a5 30.Rd1 e4 31.h3 Nfd5 32.Nf5 Nxa2 33.Ra1 Bc4 34.Bxh6 
Bb3 35.Bd2 a4 36.Re1 Nb6 37.Rxe4 Nc4 38.Rxc4 Bxc4 39.Kf2 1-0

[Event "11th Reykjavik op"]
[Site "Reykjavik ISL"]
[Date "1984.02.23"]
[Round "8"]
[White "Haraldsson, Haraldur"]
[Black "Bjarnason, Saevar"]
[Result "0-1"]
[WhiteElo "2215"]
[BlackElo "2375"]
[EventDate "1984.02.14"]
[PlyCount "50"]

1.d4 Nf6 2.c4 e6 3.Nc3 Bb4 4.e3 c5 5.Nf3 Bxc3+ 6.bxc3 Nc6 7.Bd3 d6 8.O-O 
e5 9.Nd2 O-O 10.Nb3 e4 11.Be2 Qe7 12.a4 a5 13.f4 exf3 14.Bxf3 Ne4 15.Nd2 
Nxc3 16.Qe1 Nb4 17.Nb3 Ne4 18.Bxe4 Qxe4 19.Qg3 Qg6 20.Qxg6 hxg6 21.dxc5 
dxc5 22.Nxc5 b6 23.Ne4 Bf5 24.Nf2 Rfe8 25.e4 Be6 0-1

[Event "11th Reykjavik op"]
[Site "Reykjavik ISL"]
[Date "1984.02.23"]
[Round "8"]
[White "Lagerman, Robert"]
[Black "Petursson, Palmi"]
[Result "1-0"]
[WhiteElo "2295"]
[BlackElo "2370"]
[EventDate "1984.02.14"]
[PlyCount "57"]

1.e4 c5 2.Nf3 Nc6 3.d4 cxd4 4.Nxd4 g6 5.Nc3 Bg7 6.Be3 Nf6 7.Bc4 O-O 8.Bb3 
Ng4 9.Qxg4 Nxd4 10.Qd1 Nxb3 11.axb3 b6 12.Qd2 Bb7 13.Bh6 Qc7 14.Bxg7 Kxg7 
15.O-O-O d5 16.exd5 a5 17.h4 h6 18.f4 Bc8 19.Qd4+ f6 20.h5 Bg4 21.Rde1 
gxh5 22.Re3 Qd7 23.Qe4 Rfe8 24.Rg3 f5 25.Qd4+ Kh7 26.Re3 e6 27.Rhe1 exd5 
28.Nxd5 Rxe3 29.Rxe3 1-0